ბათუმის შოთა რუსთაველის სახელმწიფო უნივერსიტეტის ბიბლიოთეკა

ქართველურ ენა-კილოთა განდასების საკითხები (ბიბ.ჩანაწერი № 51199)

000 -LEADER
fixed length control field 01302nam a2200277Ia 4500
001 - CONTROL NUMBER
control field 18158
003 - CONTROL NUMBER IDENTIFIER
control field GE_BSU
008 - FIXED-LENGTH DATA ELEMENTS--GENERAL INFORMATION
fixed length control field 181216s||||||||xx |||||||||||||| ||und||
020 ## - INTERNATIONAL STANDARD BOOK NUMBER
International Standard Book Number 978-9941-9102-0-3
040 ## - CATALOGING SOURCE
Transcribing agency GE_BSU
080 ## - UNIVERSAL DECIMAL CLASSIFICATION NUMBER
Universal Decimal Classification number 811.353'282
100 ## - MAIN ENTRY--PERSONAL NAME
Personal name ფუტკარაძე, ტარიელ., დადიანი,ეკა. ხაჭაპურიძე, ლუიზა
245 ## - TITLE STATEMENT
Title ქართველურ ენა-კილოთა განდასების საკითხები
245 ## - TITLE STATEMENT
Remainder of title XXIX რესპ. დიალექტოლ. სამეცნ. სესიის მოხსენებები
250 ## - EDITION STATEMENT
Edition statement აკაკი წერეთლის სახელმწ. უნ-ტის ქართ. დიალექტ. ინ-ტი
260 ## - PUBLICATION, DISTRIBUTION, ETC.
Place of publication, distribution, etc. თბილისი
260 ## - PUBLICATION, DISTRIBUTION, ETC.
Name of publisher, distributor, etc. ლამპარი
260 ## - PUBLICATION, DISTRIBUTION, ETC.
Date of publication, distribution, etc. 2009
300 ## - PHYSICAL DESCRIPTION
Extent 124გვ. ; 20სმ.
300 ## - PHYSICAL DESCRIPTION
Accompanying material დანართი გვ.120-123
653 ## - INDEX TERM--UNCONTROLLED
Uncontrolled term ქართველურ ენა-კილოთა განდასების საკითხები
653 ## - INDEX TERM--UNCONTROLLED
Uncontrolled term ქართველური ენების დიალექტები
653 ## - INDEX TERM--UNCONTROLLED
Uncontrolled term ქართული ენა
942 ## - ADDED ENTRY ELEMENTS (KOHA)
Koha item type წიგნი
ეგზემპლარები
Withdrawn status Lost status Damaged status Not for loan Date acquired Barcode Date last seen Price effective from Koha item type
        2018-12-17 46289 2018-12-17 2018-12-17 წიგნი